Trouve l'anime - lettre B - Statistiques

Statistiques générales
  • Ce quiz a été pris 60 fois
  • Le résultat moyen est 8 sur 20
Statistiques - réponses
Par images Réponse % Correct
Bleach
100%
Blue Lock
94%
Boku no Hero Academia
92%
Black Clover
85%
Beastars
74%
Banana Fish
62%
Bungou Stray dogs
42%
Black Lagoon
40%
Bocchi the Rock
34%
Black Bullet
26%
BNA
26%
Buddy Daddies
26%
Bubble
25%
Bakemonogatari
23%
Bucchigiri?!
19%
Bastard!!
15%
Back Street Girls : Gokudolls
6%
Bang! Dream
6%
Bokutachi wa Benkyou ga Dekinai
6%
Blame!
4%
Aucun quiz correspondant
Distribution des résultats
% des personnes avec chaque résultat
Percentile par nombre de réponses
Votre historique - résultats
Vous n’avez pas pris ce quiz